Verschwörer im KZ : Hans von Dohnanyi und die Häftlinge des 20. Juli 1944 im KZ Sachsenhausen / Winfried Meyer (Hrsg.).
Record details
- ISBN: 3-89468-251-5
- Physical Description: 415 p. : ill. ; 25 cm
- Edition: 1. Aufl.
- Publisher: Berlin : Hentrich, 1999
Content descriptions
| Bibliography, etc. Note: | Includes bibliographical references and index. |
Search for related items by subject
| Subject: | Sachsenhausen (koncentrační tábor) Dohnanyi, Hans von, 1902-1945 |
Search for related items by series
Available copies
- 1 of 1 copy available at Common Catalog SPOK.
Holds
- 0 current holds with 1 total copy.
Show Only Available Copies
| Location | Call Number / Copy Notes | Barcode | Shelving Location | Status | Due Date |
|---|---|---|---|---|---|
| Terezin Initiative Institute | 2848 | 4594302848 | Knihovna ITI | Available | - |
| LDR | 01334cam a2200337 a 4500 | ||
|---|---|---|---|
| 001 | 49660 | ||
| 003 | CZ-PrJAB | ||
| 005 | 20220901115317.0 | ||
| 008 | 991211s1999 gw b 001 0 ger | ||
| 020 | . | ‡a3-89468-251-5 | |
| 035 | . | ‡a(GyWOH)har005085299 | |
| 040 | . | ‡aDLC ‡cDLC ‡dDLC | |
| 245 | 0 | 0. | ‡aVerschwörer im KZ : ‡bHans von Dohnanyi und die Häftlinge des 20. Juli 1944 im KZ Sachsenhausen / ‡cWinfried Meyer (Hrsg.). |
| 250 | . | ‡a1. Aufl. | |
| 260 | . | ‡aBerlin : ‡bHentrich, ‡c1999 | |
| 300 | . | ‡a415 p. : ‡bill. ; ‡c25 cm | |
| 490 | 1 | . | ‡aSchriftenreihe der Stiftung Brandenburgische Gedenkstätten ; ‡vBd. Nr. 5 |
| 700 | 1 | . | ‡aMeyer, Winfried ‡4com |
| 504 | . | ‡aIncludes bibliographical references and index. | |
| 610 | 2 | 7. | ‡aSachsenhausen (koncentrační tábor) ‡7kn20030402003 ‡2czenas |
| 600 | 1 | 4. | ‡aDohnanyi, Hans von, ‡d1902-1945 |
| 830 | 0. | ‡aSchriftenreihe der Stiftung Brandenburgische Gedenkstätten ; ‡vNr. 5. | |
| 910 | . | ‡aABE340 ‡b2748 | |
| 995 | . | ‡aska | |
| 901 | . | ‡a49660 ‡bAUTOGEN ‡c49660 ‡tbiblio | |